Formule 1 - Podium Lewis Hamilton - Statistiques

Statistiques générales
  • Ce quiz a été pris 114 fois
  • Le résultat moyen est 18 sur 32
Statistiques - réponses
Place Circuit Nombre % Correct
1 Silverstone - Grande Brestagne 13
92%
10 Monza - Italie 8
87%
3 Barcelone - Espagne 10
84%
2 Spa Francorchamps - Belgique 11
83%
15 Sao Paulo - Brésil 6
82%
25 Le Castellet - France 2
79%
9 Suzuka - Japon 8
78%
11 Austin - Etats Unis 8
76%
6 Shanghai - Chine 9
75%
5 Budapest - Hongrie 10
71%
8 Melbourne - Australie 9
71%
21 Mexico - Mexique 3
70%
12 Montréal - Canada 8
70%
32 Lusail - Qatar 1
64%
28 Djeddah - Arabie Saoudite 1
61%
24 Imola - Italie 2
58%
14 Sochi - Russie 7
58%
18 Hockenheim - Allemagne 5
57%
4 Sakhir - Bahrein 10
57%
7 Abu Dhabi - Emirats arabes unis 9
55%
30 Las Vegas - Etats Unis 1
55%
23 Baku - Azerbaidjan 2
53%
19 Spielberg - Autriche 5
53%
22 Istanbul - Turquie 3
50%
26 Portimao - Portugal 2
47%
13 Monaco - Monaco 7
36%
16 Sepang - Malaisie 6
33%
17 Singapour - Singapour 6
25%
27 Yeongam - Corée du Sud 2
20%
31 Mugello - Italie 1
12%
20 Valence - Espagne 3
12%
29 Nurburgring - Allemagne 1
9%
Aucun quiz correspondant
Distribution des résultats
% des personnes avec chaque résultat
Percentile par nombre de réponses
Votre historique - résultats
Vous n’avez pas pris ce quiz